| 000 -LEADER |
| fixed length control field |
01703nam a22003497a 4500 |
| 001 - CONTROL NUMBER |
| control field |
190850784 |
| 003 - CONTROL NUMBER IDENTIFIER |
| control field |
OCoLC |
| 005 - DATE AND TIME OF LATEST TRANSACTION |
| control field |
20210422062510.0 |
| 008 - FIXED-LENGTH DATA ELEMENTS--GENERAL INFORMATION |
| fixed length control field |
080116s2009 moua bf 001 0 eng d |
| 010 ## - LIBRARY OF CONGRESS CONTROL NUMBER |
| LC control number |
2007940904 |
| 020 ## - INTERNATIONAL STANDARD BOOK NUMBER |
| International Standard Book Number |
1416040986 |
| 020 ## - INTERNATIONAL STANDARD BOOK NUMBER |
| International Standard Book Number |
9781416040989 |
| 035 ## - SYSTEM CONTROL NUMBER |
| System control number |
(OCoLC)190850784 |
| 040 ## - CATALOGING SOURCE |
| Original cataloging agency |
YDXCP |
| Transcribing agency |
YDXCP |
| Modifying agency |
OCLCQ |
| -- |
BAKER |
| -- |
VET |
| -- |
COU |
| Language of cataloging |
eng |
| 041 ## - LANGUAGE CODE |
| Language code of text/sound track or separate title |
eng |
| 049 ## - LOCAL HOLDINGS (OCLC) |
| Holding library |
VZYM |
| 080 ## - UNIVERSAL DECIMAL CLASSIFICATION NUMBER |
| Universal Decimal Classification number |
616-08 |
| Item number |
P-93 |
| 096 ## - LOCALLY ASSIGNED NLM-TYPE CALL NUMBER (OCLC) |
| Classification number |
WY 49 E53 2009 |
| 245 00 - TITLE STATEMENT |
| Title |
Emergency nursing procedures / |
| Statement of responsibility, etc. |
[edited by] Jean A. Proehl. |
| Remainder of title |
/ by: Saunders Elsevier, |
| 250 ## - EDITION STATEMENT |
| Edition statement |
4th edition |
| 260 ## - PUBLICATION, DISTRIBUTION, ETC. |
| Place of publication, distribution, etc. |
St. Louis, Mo. |
| Name of publisher, distributor, etc. |
Saunders Elsevier |
| Date of publication, distribution, etc. |
c2009. |
| 300 ## - PHYSICAL DESCRIPTION |
| Extent |
xx, 951 p. : |
| Other physical details |
ill. ; |
| Dimensions |
23 cm. |
| 504 ## - BIBLIOGRAPHY, ETC. NOTE |
| Bibliography, etc. note |
Includes bibliographical references and index. |
| 505 0# - FORMATTED CONTENTS NOTE |
| Formatted contents note |
Assessment procedures -- Airway procedures -- Breathing procedures -- Oxygen therapy -- Suctioning -- Ventilation -- Inhalation therapy -- Pleural decompression -- Circulation procedures -- Vascular access -- Blood product administration -- Electrical therapy -- Cardiac pacing -- Invasive hemodynamic monitoring -- Neurologic procedures -- Abdominal and genitourinary procedures -- Musculoskeletal procedures -- integumentary procedures -- Thermoregulation -- Ophthalmic procedures -- Otic procedures -- Nasal procedures -- Dental and throat procedures -- Medication administration -- Miscellaneous procedures. |
| 590 ## - LOCAL NOTE (RLIN) |
| Local note |
c.1 MMC. |
| 650 #2 - SUBJECT ADDED ENTRY--TOPICAL TERM |
| Topical term or geographic name entry element |
Emergency Nursing |
| General subdivision |
methods |
| Form subdivision |
Handbooks. |
| 650 #0 - SUBJECT ADDED ENTRY--TOPICAL TERM |
| Topical term or geographic name entry element |
Patient Care |
| 9 (RLIN) |
285 |
| 653 ## - INDEX TERM--UNCONTROLLED |
| Uncontrolled term |
პაციენტის მოვლა |
| 653 ## - INDEX TERM--UNCONTROLLED |
| Uncontrolled term |
პაციენტის გადაუდებელი მოვლა |
| 700 1# - ADDED ENTRY--PERSONAL NAME |
| Personal name |
Proehl, Jean A. |
| 942 ## - ADDED ENTRY ELEMENTS (KOHA) |
| Source of classification or shelving scheme |
|
| Koha item type |
Books |
| Edition |
4 |